Türkiye çalışma yaşamı kaynakçası (Record no. 5876)

MARC details
000 -BAŞLIK
Sabit Uzunlukta Kontrol Alanı 00663na a2200229 4500
001 - KONTROL NUMARASI
Denetim Alanı 13716
003 - KONTROL NUMARASI IDENTIFIER
Denetim Alanı MIRAKIL
005 - SON İŞLEM TARİHİ VE ZAMANI
Denetim Alanı 20181213155049.0
008 - SABİT-BOY VERİ ELEMANLARI - GENEL BİLGİLER
Sabit Uzunlukta Kontrol Alanı 160918b tu 000 0
035 ## - SİSTEM KONTROL NUMARASI
Sistem Kontrol Numarası 13716
040 ## - KATALOGLAMA KAYNAK
Orijinal Kataloglama Ajansı Milas
Kataloglama Dili tur
Metne Dönüştürmek Ajansı TR-AnCHP
082 ## - DEWEY ONLU SINIFLANDIRMA NUMARASI
Sınıflandırma Numarası 016.301
Ürün Numarası K61t
090 ## - SINIFLAMA NUMARASI
Sınıflama Numarası DAN 016.301 K61t 1998
100 ## - ANA GİRİŞ - KİŞİSEL İSİM
Kişisel Ad Koç, Canan
245 ## - BAŞLIK TABLOSU
Başlık Türkiye çalışma yaşamı kaynakçası
Sorumluluk Tablosu, Vb [Hazırlayan] Canan Koç ; Yıldırım Koç
260 ## - YAYIN, DAĞITIM, VB
Yayın, Dağıtım, Vb Yeri Ankara
Yayıncı, Dağıtıcı, Vs Adı Türkiye Işçi Sendikaları Konfederasyonu
Yayın, Dağıtım, Vb Tarihi 1998
300 ## - FİZİKSEL TANIM
Kapsam 259 s.
Boyutlar 30 sm.
500 ## - GENEL NOT
Genel Not Kaynakça var.
650 ## - KONU KATMA GİRİŞ - TOPİKAL DÖNEM
Topikal Süreli Veya Coğrafi Ad Giriş Elemanı Çalışma hayatı
700 ## - KATMA GİRİŞ - KİŞİSEL İSİM
Kişisel Ad Koç, Yıldırım
942 ## - EKLENDİ GİRİŞ ELEMANLARI (KOHA)
Sınıflandırma Veya Raf Düzeni Kaynak Dewey Decimal Classification
Koha Öğesi Türü Books
999 ## - SİSTEM KONTROL NUMARALARI (KOHA)
Koha Biblionumber 5876
Koha Biblioitemnumber 5876
Holdings
Kalıcı Konum Mevcut Konum Edinme Tarihi Edinim Kaynak Toplam Check-Out'Lar Tam Çağrı Numarası Barkod Tarih Son Görülme İtibaren Geçerli Fiyatlar Koha Öğesi Türü
CHP Kütüphanesi CHP Kütüphanesi 08/16/2016 Bağış   DAN 016.301 K61t 1998 001279 08/16/2016 08/16/2016 Books